| 000 | 01183nam a2200253 a 4500 | ||
|---|---|---|---|
| 001 | 000027162 | ||
| 005 | 20240530073935.0 | ||
| 008 | 110330t1982 dr 001 e spa d | ||
| 040 |
_aDO-SdBNP _bspa _cBNPHU |
||
| 082 |
_aRD864.44 _bL817r |
||
| 100 | 1 |
_aLockward Pérez, Jorge Alfonso, _d1937-2001 _92059 |
|
| 245 | 1 | 0 |
_aRecordando a Espaillat / _cJ. Alfonso Lockward. |
| 260 |
_aSanto Domingo : _bUniversidad CETEC, _c1982. |
||
| 300 |
_a108 p. ; _c21 cm. |
||
| 490 | 1 |
_aEnsayos _v2 |
|
| 505 | 0 |
_gIntroducción -- _tLa cacocracia -- _tLa honestidad -- _tLos ministros -- _tLas conspiraciones -- _tEl Ozama y el Cibao -- _tEl mesianismo -- _tLas prebendas -- _tLa justicia -- _tEl merengue -- _tLa educación -- _tEl general I -- _tEl general II -- _tEspaillat y su amor al pueblo -- _tLa filoria y la azucena : Duarte y Espaillat -- _gÍndice de nombres. |
|
| 600 | 1 | 4 |
_aESPAILLAT QUIÑONES, ULISES FRANCISCO, _d1823-1878 _xENSAYOS CONFERENCIAS, ETC. _954224 |
| 600 | 1 | 0 |
_aDuarte, Juan Pablo, _d1813-1876 _91494 |
| 650 | 0 |
_aEnsayos dominicanos _965 |
|
| 650 | 0 |
_aLiteratura dominicana. _967 |
|
| 830 | 0 |
_aEnsayos _nno. 2 _954226 |
|
| 910 | _aValidado. Control de calidad EMS. | ||
| 049 | _aBNPD | ||
| 999 |
_c26654 _d26654 |
||